Las Señales de la felicidad de España y medios de hacerlas eficaces / Francesc Romà i Rossell ; estudi preliminar d'Ernest Lluch
Descripción Física:
LIII, 324 p. ; 17 cm
Colección:
Clàssics del pensament econòmic català ; 5
Otros Autores:
Lluch, Ernest, 1937-2000
MARC
| LEADER | 00000nam a2200000Ia 4500 | ||
|---|---|---|---|
| 001 | 8932 | ||
| 008 | 160829s1989 xx 000 0 cat d | ||
| 080 | |a M-2-130 | ||
| 100 | |a Romà i Rossell, Francesc |9 33279 | ||
| 245 | |a Las Señales de la felicidad de España y medios de hacerlas eficaces / Francesc Romà i Rossell ; estudi preliminar d'Ernest Lluch | ||
| 260 | |a Barcelona : |b Alta Fulla : |b Diputació de Barcelona, |c 1989 | ||
| 300 | |a LIII, 324 p. ; |c 17 cm | ||
| 490 | |a Clàssics del pensament econòmic català ; 5 | ||
| 590 | |a Facsímil de l'edició original de 1768 | ||
| 650 | |a Economia |x Espanya |x S. XVIII |9 33280 | ||
| 650 | |a Economia |x Història |x Catalunya |x S. XVIII |x Fonts |9 33281 | ||
| 650 | |a Espanya |x Política i govern |x S. XVIII |9 33282 | ||
| 700 | |a Lluch, Ernest, |d 1937-2000 |e pròleg |9 23386 | ||
| 901 | |a Arxiu | ||
| 942 | |n 1 |2 udc | ||
| 952 | |0 0 |1 0 |4 0 |6 M2130 |7 1 |9 46255 |a Arxiu |b Arxiu |d 2016-12-01 |l 0 |o M-2-130 |p 8932 |r 2016-12-01 00:00:00 |w 2016-12-01 |y ARXIU | ||
| 999 | |c 49757 |d 49757 | ||